| 000 | 00557nam a2200157 i 4500 | ||
|---|---|---|---|
| 001 | 62192 | ||
| 003 | ES-MaACL | ||
| 005 | 20230906164626.0 | ||
| 007 | t| | ||
| 008 | 031118s1967 sp ||||1| spa d | ||
| 111 | 2 |
_aFeria Oficial y Nacional de Muestras ( _n27ª. _d1967. _cZaragoza) _9735 |
|
| 245 | 1 | 0 |
_aCatálogo oficial / _cXXVII Feria Oficial y Nacional de Muestras, 30 de septiembre al 15 de octubre de 1967. |
| 260 |
_aZaragoza : _b[s.n., _c1967] ( _fTall. Gráf. "La Editorial") |
||
| 300 |
_a894 p. ; _c22 cm. |
||
| 852 |
_aES-MaACL _jC-33162 _bR.64019 |
||
| 999 |
_c62192 _d62192 |
||